Βρείτε δουλειά από το Internet / Πού και πώς ψάχνω δουλεια, Δημιουργία και αποστολή βιογραφικού, Site αναζήτησης θέσεων εργασίας, Προώθηση της δουλειάς σας στο Internet (Record no. 3079)
[ view plain ]
| 000 -LEADER | |
|---|---|
| fixed length control field | 01180cam a22001814a 4500 |
| 005 - ΗΜΕΡΟΜΗΝΙΑ ΚΑΙ ΩΡΑ ΤΕΛΕΥΤΑΙΑΣ ΕΝΗΜΕΡΩΣΗΣ | |
| Πεδίο ελέγχου | 20250605163350.0 |
| 008 - FIXED-LENGTH DATA ELEMENTS--GENERAL INFORMATION | |
| Πεδίο ελέγχου σταθερού μήκους | 250528s ||||||||||||||||||||||||d |
| 035 ## - SYSTEM CONTROL NUMBER | |
| System control number | 17677 |
| 020 ## - ISBN | |
| ISBN | 9786185112158 |
| 040 ## - ΠΗΓΗ ΚΑΤΑΛΟΓΟΓΡΑΦΗΣΗΣ | |
| Φορέας πρωτότυπης καταλογογράφησης | MC Athens Campus Library |
| Γλώσσα καταλογογράφησης | Ελληνικά, Μοντέρνα (1453-) |
| Modifying agency | MC Athens Campus Library |
| Κανόνες περιγραφικής καταλογογράφησης | AACR2 |
| 245 1# - ΤΙΤΛΟΣ ΚΑΙ ΔΗΛΩΣΗ ΥΠΕΥΘΥΝΟΤΗΤΑΣ | |
| Τίτλος | Βρείτε δουλειά από το Internet / Πού και πώς ψάχνω δουλεια, Δημιουργία και αποστολή βιογραφικού, Site αναζήτησης θέσεων εργασίας, Προώθηση της δουλειάς σας στο Internet |
| 260 ## - PUBLICATION, DISTRIBUTION, ETC. | |
| Name of publisher, distributor, etc. | Digerati, |
| Date of publication, distribution, etc. | 2014 |
| 300 ## - PHYSICAL DESCRIPTION | |
| Extent | 98 |
| 520 ## - SUMMARY, ETC. | |
| Summary, etc. | Ανακαλύψτε όλες τις δυνατότητες και τις ευκολίες που προσφέρει το Internet για εύρεση εργασίας, καταχώριση του βιογραφικού σας, αλλά και παρουσίασης των ικανοτήτων και δεξιοτήτων σας. Εισαγωγή, Εύρεση Εργασίας στην Ελλάδα, Εύρεση Εργασίας στο Εξωτερικό, Φτιάξτε το Βιογραφικό σας. |
| 942 ## - ADDED ENTRY ELEMENTS (KOHA) | |
| Koha item type | Books |
| Τύπος τεκμηρίου | Βιβλιοθήκη | Τρέχουσα τοποθεσία | Barcode | Αριθμός εισαγωγής | Ημερομηνία απόκτησης | Ταξιθετικό σύμβολο | Αριθμός αντιτύπου | Κατάσταση απόσυρσης | Κατάσταση χαμένου | Κατάσταση κατεστραμμένου | Μη δανεισμός | Σύνολο δανεισμών | Ημερομηνία τελευταίας εμφάνισης | Η τιμή ισχύει από |
|---|---|---|---|---|---|---|---|---|---|---|---|---|---|---|
| Books | MC Athens Campus Library | MC Athens Campus Library | 9780000030788 | 6023 | 05/06/2025 | 005.1 DIG | 1 | 05/06/2025 | 05/06/2025 |